000 01201nam a22003377a 4500
003 CHAP
005 20220329135754.0
008 971013s1974 r 00010 d
010 _a41843
011 _a42815
035 _a46945
040 _cCHAP
090 _aTesis
100 0 0 _aMurrieta Cervantes, José Antonio.
_979841
245 _aEstudio de las posibilidades económicas del rejuvenecimiento de cafetales en la zona de Coatepec, Veracruz
260 _a(Monterrey, N.L.) :
_bEl autor,
_c1974
300 _a67 h.
_b: ilus. ; mapa
502 _aTesis (Ing. Agrónomo Administrador) -- ITESM. Div. de Ciencias Agropecuarias y Marítimas
590 _aALEPH
_b10
_c20130110
_lUCH01
_h1311
590 _aBATCH-UPD
_b10
_c20130110
_lUCH01
_h0249
590 _aBATCH-UPD
_b10
_c20130110
_lUCH01
_h1355
590 _aBATCH-UPD
_b10
_c20130409
_lUCH01
_h2320
590 _aBATCH-UPD
_b10
_c20130410
_lUCH01
_h1530
590 _aBATCH-UPD
_b10
_c20130914
_lUCH01
_h0807
590 _aCONVERSION
_b10
_c20130109
_lUCH01
_h1323
650 1 4 _aCafé
_xAspectos económicos
_xVeracruz.
_917108
650 1 4 _aCafé
_xSiembra.
_917201
901 _aBK
942 _cTESIS
949 _bBC
_cTES
_d-106880
_eTS1
_i46945
_si
999 _c41843
_d41843